| 000 | 00684cam a2200241 a 4500 | ||
|---|---|---|---|
| 001 | 13767347 | ||
| 005 | 20180306032056.0 | ||
| 008 | 041101s2004 enkab e 000 0deng d | ||
| 010 | _a 2004303368 | ||
| 020 | _a0140515437 | ||
| 035 | _a(OCoLC)ocm56479163 | ||
| 040 |
_aTEF _cTEF _dDLC |
||
| 041 | _aeng | ||
| 042 | _alccopycat | ||
| 080 | _a032 | ||
| 082 | 0 | 0 |
_a032 CRY _222 |
| 100 | _a23 | ||
| 101 | _aENC | ||
| 245 | 0 | 4 |
_aThe Penguin encyclopedia / _cedited by David Crystal. |
| 906 |
_a7 _bcbc _ccopycat _d2 _encip _f20 _gy-gencatlg |
||
| 942 |
_2ddc _cBK |
||
| 999 |
_c44112 _d44112 |
||